| 000 | 01338pam a2200373 a 4500 | ||
|---|---|---|---|
| 999 |
_c5408 _d5408 |
||
| 001 | 1090166 | ||
| 003 | OSt | ||
| 005 | 20220413102858.0 | ||
| 008 | 920924s1993 enka b 001 0 eng c | ||
| 010 | _a 92049585 | ||
| 020 | _a0412453304 (acidfree paper) | ||
| 040 |
_aDNLM/DLC _cALUIPE UNIVERSITY _dDLC |
||
| 050 | 0 | 0 |
_aRC607 _b.M645 1993 |
| 060 | _aWD 308 M718 | ||
| 082 | 0 | 0 |
_a616.97/92 _220 |
| 245 | 0 | 0 |
_aMolecular and cell biology of opportunistic infections in AIDS / _cedited by Steven Myint and Alan Cann. |
| 250 | _a1st ed. | ||
| 260 |
_aLondon ; _aNew York : _bChapman & Hall, _c1993. |
||
| 300 |
_axvi, 283 p. : _bill. ; _c25 cm. |
||
| 440 | 0 |
_aMolecular and cell biology of human diseases series ; _v2 |
|
| 504 | _aIncludes bibliographical references and index. | ||
| 650 | 0 |
_aAIDS (Disease) _xComplications. |
|
| 650 | 0 |
_aOpportunistic infections _xMolecular aspects. |
|
| 650 | 0 |
_aOpportunistic infections _xCytopathology. |
|
| 650 | 2 |
_aAcquired Immunodeficiency Syndrome _xcomplications. |
|
| 650 | 2 |
_aBacteria _xpathogenicity. |
|
| 650 | 2 |
_aBacterial Infections _xcomplications. |
|
| 650 | 2 |
_aOpportunistic Infections _xcomplications. |
|
| 700 | 1 | _aMyint, Steven. | |
| 700 | 1 | _aCann, Alan. | |
| 906 |
_a7 _bcbc _corignew _d1 _eocip _f19 _gy-gencatlg |
||
| 942 |
_2lcc _cBK _nBA |
||